Music Quiz

Random Music or Lyrics Quiz

Lyrics to Stone Temple Pilots 'Sour Girl' Quiz Stats

 Plays Quiz not verified by Sporcle

Score 0/269 Timer 03:00
1 Play Today
Answer % Correct
a
98.4%
a
98.4%
a
98.4%
a
98.4%
a
98.4%
a
98.4%
a
98.4%
a
98.4%
a
98.4%
a
98.4%
a
98.4%
the
97.3%
the
97.3%
the
97.3%
the
97.3%
the
97.3%
The
97.3%
The
97.3%
the
97.3%
The
97.3%
the
97.3%
the
97.3%
The
97.3%
She
96.8%
was
96.8%
she
96.8%
She
96.8%
was
96.8%
girl
96.8%
she
96.8%
She
96.8%
was
96.8%
girl
96.8%
she
96.8%
She
96.8%
was
96.8%
she
96.8%
She
96.8%
was
96.8%
girl
96.8%
she
96.8%
She
96.8%
was
96.8%
girl
96.8%
she
96.8%
was
96.8%
was
96.8%
She
96.8%
was
96.8%
girl
96.8%
she
96.8%
girl
96.8%
She
96.8%
was
96.8%
girl
96.8%
she
96.8%
she
96.8%
She
96.8%
was
96.8%
girl
96.8%
she
96.8%
She
96.8%
was
96.8%
girl
96.8%
she
96.8%
she
96.8%
what
95.7%
sour
95.7%
me.
95.7%
What
95.7%
me.
95.7%
what
95.7%
sour
95.7%
me.
95.7%
What
95.7%
me.
95.7%
What
95.7%
What
95.7%
What
95.7%
what
95.7%
what
95.7%
What
95.7%
me.
95.7%
What
95.7%
What
95.7%
What
95.7%
What
95.7%
me.
95.7%
me.
95.7%
me.
95.7%
Answer % Correct
sour
95.7%
me.
95.7%
What
95.7%
What
95.7%
What
95.7%
What
95.7%
What
95.7%
What
95.7%
day
95.2%
that
95.2%
you
95.2%
day
95.2%
that
95.2%
day
95.2%
that
95.2%
you
95.2%
day
95.2%
that
95.2%
you
95.2%
you
95.2%
you?
95.2%
you
95.2%
you
95.2%
day
95.2%
that
95.2%
you
95.2%
you
95.2%
you
95.2%
you
95.2%
you?
95.2%
you
95.2%
you
95.2%
day
95.2%
that
95.2%
day
95.2%
that
95.2%
day
95.2%
that
95.2%
day
95.2%
that
95.2%
day
95.2%
that
95.2%
you
95.2%
you?
95.2%
you
95.2%
you
95.2%
you?
95.2%
you
95.2%
you
95.2%
you
95.2%
are
93.6%
are
93.6%
do?
93.6%
do
93.6%
I
93.6%
do
93.6%
I
93.6%
are
93.6%
are
93.6%
I
93.6%
are
93.6%
I
93.6%
are
93.6%
do?
93.6%
do
93.6%
I
93.6%
do
93.6%
I
93.6%
are
93.6%
I
93.6%
do
93.6%
I
93.6%
do
93.6%
do?
93.6%
I
93.6%
do
93.6%
do?
93.6%
I
93.6%
do
93.6%
looking
93%
looking
93%
looking
93%
looking
93%
looking
93%
looking
93%
looking
93%
looking
93%
at?
92.5%
met
92.5%
at?
92.5%
Answer % Correct
at?
92.5%
met
92.5%
at?
92.5%
at?
92.5%
met
92.5%
at?
92.5%
at?
92.5%
met
92.5%
at?
92.5%
met.
92.5%
would
91.4%
would
91.4%
would
91.4%
would
91.4%
would
91.4%
would
91.4%
would
91.4%
would
91.4%
would
91.4%
would
91.4%
would
91.4%
would
91.4%
He
90.9%
he
90.9%
so
90.4%
left
89.8%
left
89.8%
left
89.8%
left
89.8%
left
89.8%
left
89.8%
Hey!
88.8%
Hey!
88.8%
if
88.8%
if
88.8%
Hey!
88.8%
if
88.8%
if
88.8%
Hey!
88.8%
if
88.8%
if
88.8%
if
88.8%
happy
88.2%
happy
88.2%
happy
88.2%
happy
88.2%
happy
88.2%
follow?
86.1%
follow?
86.1%
follow?
86.1%
follow?
86.1%
followed
81.8%
followed
81.8%
followed
81.8%
followed
81.8%
away,
80.2%
away,
80.2%
away,
80.2%
her
77.5%
turned
75.9%
turned
75.9%
turn
74.9%
on
73.3%
looks
69.5%
deceiving.
65.2%
teenage
64.2%
but
61.5%
Don't
60.4%
when
57.2%
to
53.5%
Superman,
52.9%
rollercoaster
52.9%
from
52.4%
Say,
51.9%
stop
50.8%
one.
48.1%
lonely
47.6%
ransom
44.9%
rides
43.9%
note
41.7%
it
41.7%
they
41.2%
got
40.6%
got
40.6%
reasons,
39.6%
reasons.
39.6%
all
38%
paid
33.7%
steaming.
28.3%

You're not logged in!

Compare scores with friends on all Sporcle quizzes.
Join for Free
OR
Log In

You Might Also Like...

Show Comments

Extras

Top Quizzes Today


Score Distribution

Your Account Isn't Verified!

In order to create a playlist on Sporcle, you need to verify the email address you used during registration. Go to your Sporcle Settings to finish the process.

Report this User

Report this user for behavior that violates our Community Guidelines.

Details: